Pediatrics for parents the monthly newsletter for caring parents.

Detalles Bibliográficos
Formato: Electrónico Revista
Lenguaje:inglés
Publicado: Bangor, ME : Pediatrics for Parents
Materias:
Acceso en línea:Full text available from Research Library: 01/01/1998 to 07/31/2015

MARC

LEADER 00000nas a2200000 a 4500
001 ssj0012654
003 WaSeSS
005 20200512172242.0
006 m d
007 cr n
008 820107c19uu9999meumr p s 0 a0eng d
010 |a sn 82000662  
016 7 |a 9883877  |2 DNLM 
016 7 |a SR0064173  |2 DNLM 
016 7 |a 005505662  |2 Uk 
022 |l 0730-6725  |y 0730-6725 
035 |a (WaSeSS)ssj0012654 
037 |b Pediatrics for Parents, PO Box 1069, Bangor, ME 04401 
040 |a NSD  |b eng  |c NSD  |d OCL  |d NLM  |d TOH  |d OCLCQ  |d CUS  |d UKMGB  |d OCLCQ  |d OCLCO  |d OCLCF  |d OCLCO  |d EUW  |d OCLCO  |d CUI  |d UWO  |d WaSeSS 
042 |a nsdp 
050 4 |a RJ1  |b .P46 
222 0 |a Pediatrics for parents 
245 0 0 |a Pediatrics for parents  |h [electronic resource] :  |b the monthly newsletter for caring parents. 
260 |a Bangor, ME :  |b Pediatrics for Parents 
310 |a Monthly 
506 |a License restrictions may limit access. 
588 |a Description based on: Issue 29 (June 1981); title from caption. 
650 0 |a Pediatrics  |v Popular works  |v Periodicals. 
650 0 |a Children  |x Diseases  |v Periodicals. 
650 7 |a Children  |x Diseases.  |2 fast  |0 (OCoLC)fst00854907 
650 7 |a Pediatrics.  |2 fast  |0 (OCoLC)fst01056503 
650 2 |a Parenting  |v Periodicals. 
650 2 |a Pediatrics  |v Periodicals. 
655 0 |a Electronic journals. 
856 4 0 |z Full text available from Research Library: 01/01/1998 to 07/31/2015  |u https://search.proquest.com/publication/30162